000 03972nam a2200469Ia 4500
001 bslw08948349
003 UtOrBLW
005 20210303085156.0
006 m d
007 cr un|||||||||
008 121129s2012 enka o 000 0 eng d
020 _a9781781902554 (electronic bk.) :
_c£62.95 ; €89.95 ; $113.95
040 _aUtOrBLW
_cUtOrBLW
050 4 _aHD30.255
_b.S63 2012
072 7 _aKJH
_2bicssc
072 7 _aRNT
_2bicssc
072 7 _aBUS060000
_2bisacsh
072 7 _aBUS025000
_2bisacsh
072 7 _aBUS062000
_2bisacsh
080 _a658
082 0 4 _a658.408
_223
245 0 0 _aSocial and sustainable enterprise
_h[electronic resource] :
_bchanging the nature of business /
_cSarah Underwood ... [et al.].
260 _aBingley, U.K. :
_bEmerald,
_c2012.
300 _a1 online resource (xv, 194 p.) :
_bill.
490 1 _aContemporary issues in entrepreneurship research,
_x2040-7246 ;
_vv. 2
505 0 _aIntroduction to social and sustainable enterprise : changing the nature of business / Sarah Underwood ... [et al.] -- Process of social entrepreneurship in India : the case of Goonj / Sarika Pruthi -- Radical innovation strategies of environmental-technology entrepreneurs in the Dutch greenhouse horticulture sector / Maikel Kishna ... [et al.] -- New business models for a low-carbon future : case studies from the energy sector / Mark Hinnells, Isobel O'Neil -- Green entrepreneurship : building a green economy? : evidence from the UK / David Gibbs, Kirstie O'Neill -- Environmental responsibility in micro-enterprises : exploring the relationship between disclosure and practice / Simon N. Parry -- Does a CSR focus lead to innovation in established firms? / Christina Öberg -- Are companies maintaining social benefits in constrained economic times? / María Dolores Vidal-Salazar, Vera Ferrón-Vilchez, Eulogio Cordón-Pozo -- Corporate social responsibility (CSR) in small and medium-sized enterprises : a developing country perspective / Shahnaz Ibrahim, Dima Jamali, Mine Karatas-Ozkan.
520 _aWith current environmental, social and financial challenges facing society and the economy, there has been a rapid growth in interest in the role of social and sustainable enterprise. Accordingly, as government, industry and communities seek to find alternative ways to deliver product and services, this volume seeks to draw together contemporary entrepreneurial research which addresses current social and environmental issues, such as: social and community enterprise and entrepreneurship, including the tension between maintaining core social aims and continuing to prosper in a highly competitive and turbulent marketplace. Sustainable entrepreneurship and environmental impacts of enterprise, for example the pursuit of environmentally-responsible opportunities by mainstream enterprises, the creation of self-consciously 'eco-preneurial' ventures and more radical models that challenge prevailing assumptions about enterprise and growth; and ethics, enterprise and social responsibility, including the growth of ethical markets and the opportunities they create, such as providing services for disadvantaged groups or facilitating markets in fairly-traded goods and services.
588 0 _aPrint version record
650 7 _aBusiness & Economics
_xSmall Business.
_2bisacsh
650 7 _aBusiness & Economics
_xEntrepreneurship.
_2bisacsh
650 7 _aBusiness & Economics
_xStructural Adjustment.
_2bisacsh
650 7 _aEntrepreneurship.
_2bicssc
650 7 _aSocial impact of environmental issues.
_2bicssc
650 0 _aBusiness
_xEnvironmental aspects.
650 0 _aIndustries
_xSocial aspects.
650 0 _aSustainable development.
700 1 _aUnderwood, Sarah.
700 1 _aMurray, Alan.
776 1 _z9781781902547
830 0 _aContemporary issues in entrepreneurship research ;
_vv. 2.
856 4 0 _uhttps://www.emerald.com/insight/publication/doi/10.1108/S2040-7246(2012)2
999 _c31064
_d31064